| 000 | 01020nam a22003257a 4500 | ||
|---|---|---|---|
| 003 | CHAP | ||
| 005 | 20220329134643.0 | ||
| 008 | 971013s1978 r 00010 d | ||
| 010 | _a23664 | ||
| 011 | _a24636 | ||
| 035 | _a28735 | ||
| 040 | _cCHAP | ||
| 082 |
_a519.2 _bC45 1978 |
||
| 100 | 0 | 0 |
_aChung, Kai Lai. _922979 |
| 245 | _aElementary probability theory with stochas tics processes | ||
| 250 | _a3 ed. | ||
| 260 |
_aNew York : _bSpringer-Verlag, _c1978 |
||
| 300 |
_a325 p. _b: ilus |
||
| 490 | _aUndergraduate texts in mathematics | ||
| 590 |
_aBATCH-UPD _b10 _c20130110 _lUCH01 _h1626 |
||
| 590 |
_aBATCH-UPD _b10 _c20130410 _lUCH01 _h1020 |
||
| 590 |
_aBATCH-UPD _b10 _c20130914 _lUCH01 _h0929 |
||
| 590 |
_aCONVERSION _b10 _c20130109 _lUCH01 _h1314 |
||
| 650 | 1 | 4 |
_aEstocástica. _938336 |
| 650 | 1 | 4 |
_aProbabilidades. _991687 |
| 830 | 0 |
_aUndergraduate texts in mathematics _9116130 |
|
| 901 | _aBK | ||
| 942 | _cLIBRO | ||
| 949 |
_a519.2 C45 1978 _bBC _cLIBRO _d33724000409561 _eLIBRO _h55164 _i28735 _si _t648.00 |
||
| 999 |
_c23664 _d23664 |
||